000
00296nam a22001337a 4500
008
170821b xxu||||| |||| 00| 0 eng d
020
_a
9780618313853
041
_a
eng
080
_2
5 ED
_a
51
100
_a
37
101
_a
MAT
245
_a
COLLEGE ALGEBRA
_c
HOSRWTLER.L
942
_2
udc
_c
BK
999
_c
24245
_d
24245